| 000 | 00391pab a2200133 454500 | ||
|---|---|---|---|
| 008 | 180718b1987 xxu||||| |||| 00| 0 eng d | ||
| 100 | _aRao, K.R. and others | ||
| 245 |
_aDisease patterns and drug demand in India - by the year 2000 A.D. _bA special report |
||
| 260 | _c1987 | ||
| 300 | _a16-62 | ||
| 650 | _aDrugs - India | ||
| 773 | _aIndian Review of Management and Future | ||
| 909 | _a7480 | ||
| 999 |
_c7480 _d7480 |
||